=LDR 00000nam 2200000 4500 =001 INLIS000000000058835 =005 20211013074400 =035 ##$$a 0010-1021000283 =007 ta =008 211013###########################0#ind## =020 ##$$a 978-979-039-512-1 =082 ##$$a 297.617 7 =084 ##$$a 297.617 7 Has b =245 1#$$a Berobatlah dengan Jasa dan Sedekah /$c Hasan Bin Ahmad Hammam =300 ##$$a 144 halaman ; $c 21 cm =650 #4$$a Islam - Kesehatan =264 ##$$a solo :$b Aqwam,$c 2017 =336 ##$$a teks$2 rdacontent =337 ##$$a lain-lain$2 rdamedia =338 ##$$a lain-lain$2 rdacarrier =990 ##$$a 18371837 =990 ##$$a 18371837